| 000 | 00385cam a22001337a 4500 | ||
|---|---|---|---|
| 008 | 180718b1904 xxu||||| |||| 00| 0 eng d | ||
| 082 | _aB19x54 M941i | ||
| 100 | _aMurdoch, John | ||
| 245 |
_aAn Indian patriot's duty his country _cby John Murdoch |
||
| 260 |
_aLondon _bChristian Literature Society _c1904 |
||
| 300 | _a330p. | ||
| 500 | _ars.5.00 | ||
| 650 | _aIndia - Social Conditions | ||
| 999 |
_c374664 _d374664 |
||